| 000 | 00836nam a2200229Ii 4500 | ||
|---|---|---|---|
| 003 | JO-AjNU | ||
| 008 | 230605s9999||||xx |||||||||||||| ||und|| | ||
| 017 | _a4288/8/2021 | ||
| 020 | _a978-9923-26-120-0 | ||
| 040 |
_aJO-AjNU _bara _erda _cJO-AjNU |
||
| 041 | _aara | ||
| 050 | 1 | 4 | _aBF721.2022 |
| 100 | 3 |
_aعبد الحفيظ، ولاء راتب, _eauthor _962865 |
|
| 245 | 0 | 0 | _aالمشكلات النفسية والسلوكية وطرائق التعامل معها عند الاطفال |
| 250 | _aط1 | ||
| 264 | 3 | 1 | _aعمان: دار المبادرة للنشر والتوزيع، 2021 |
| 300 | _a169ص | ||
| 336 |
_atext _btxt _2rdacontent |
||
| 337 |
_aunmediated _bn _2rdamedia |
||
| 338 |
_avolume _bnc _2rdacarrier |
||
| 650 | 4 |
_aالمشكلات النفسية-الصحة النفسية-علم نفس الطفل _962866 |
|
| 999 |
_aA28487 _c32055 _d32055 |
||